00948cam a22002531 4500001001300000003000400013005001700017008004100034010001700075035002000092040001800112042001200130050002000142110007100162245025000233260004600483300002400529440003000553500001700583500002600600500002300626650002800649999001700677sa 68019594 DLC20260227112718.0940601s1966 ii 000 0 eng  asa 68019594  a(OCoLC)30525742 aDLCcNcDdDLC apremarc00aHD9576.I44bI541 aIndia.bParliament.bLok Sabha.bCommittee on Public Undertakings.10aIndian Refineries Ltd.b(since merged with the Indian Oil Corporation Ltd.) Ministry of Petroleum and Chemicals. Action taken by Government on the recommendations contained in the thirty-fourth report of the Estimates Committee (Third Lok Sabha) aNew Dehli,bLok Sabha Secretariat,c1966. av, 20, 2 p.c25 cm. 0aReport, 3d Lok Sabha,v14 aCover title. aErrata slip included. a"C. P. U. no. 27." 0aIndian Refineries, ltd. c88979d88979